000
002570000a22001210004500
041
0
_a
ENG
082
0
4
_a
R 903 A8813a
245
1
0
_a
Atlas of islamic history
300
_a
48 Pag.
650
1
4
_a
PAISES ISLAMICOS - HISTORIA \ ATLAS
001
394
942
_c
BK
999
_c
31924
_d
31924